| Tag |
First Indicator |
Second Indicator |
Subfields |
| LEADER |
00000cas a2200000 4500 |
| 001 |
in00000055162 |
| 005 |
20151008052158.0 |
| 008 |
800509c19319999at wr p f0uuua0eng |
| 010 |
|
|
|a 40025866
|
| 035 |
|
|
|a (OCoLC)06302569
|
| 035 |
|
|
|9 AAH2082AM
|
| 040 |
|
|
|a DLC
|c TXA
|d UtOrBLW
|
| 049 |
|
|
|a TXAE
|
| 050 |
|
0 |
|a T321
|b .A22
|
| 082 |
0 |
|
|a 608
|a [347.7]
|
| 110 |
1 |
|
|a Australia.
|b Patent Office.
|
| 245 |
1 |
4 |
|a The Australian official journal of patents, trade marks and designs with which are incorporated particulars of copyright applications ...
|
| 264 |
|
1 |
|a Canberra [etc.]
|b [publisher not identified] ;
|
| 300 |
|
|
|a volumes :
|b illustrations ;
|c 27 cm.
|a weekly.
|
| 336 |
|
|
|a text
|b txt
|2 rdacontent
|
| 337 |
|
|
|a unmediated
|b n
|2 rdamedia
|
| 338 |
|
|
|a volume
|b nc
|2 rdacarrier
|
| 362 |
0 |
|
|a v. 1- new series. January 15, 1931-
|
| 550 |
|
|
|a Issued by the Patent office.
|
| 580 |
|
|
|a Supersedes the Australian official journal of patents and the Australian official journal of trade-marks.
|
| 650 |
|
0 |
|a Patents
|z Australia.
|
| 650 |
|
0 |
|a Trademarks
|z Australia.
|
| 780 |
1 |
2 |
|t Australian official journal of patents
|
| 780 |
1 |
2 |
|t Australian official journal of trade-marks
|
| 999 |
|
|
|a MARS
|
| 999 |
f |
f |
|s ade182b1-5895-3ace-8f32-f33ff1cf175f
|i f123ddb0-2ae3-3dea-9d09-cdc04cc67243
|t 0
|
| 952 |
f |
f |
|p ric
|a Texas A&M University
|b Rellis Campus
|c Joint Library Facility
|d Remote Storage
|t 0
|e T321 .A22
|h Library of Congress classification
|i unmediated -- volume
|k v.17:no.41-49
|l 1947:Nov.6-1948:Jan.15
|m A14842020753
|
| 952 |
f |
f |
|p ric
|a Texas A&M University
|b Rellis Campus
|c Joint Library Facility
|d Remote Storage
|t 0
|e T321 .A22
|h Library of Congress classification
|i unmediated -- volume
|k 1945:suppls.
|m A14851170812
|
| 952 |
f |
f |
|p ric
|a Texas A&M University
|b Rellis Campus
|c Joint Library Facility
|d Remote Storage
|t 0
|e T321 .A22
|h Library of Congress classification
|i unmediated -- volume
|k v.20:no.31-40
|l 1950:Aug.24-Oct.26
|m A14842020761
|
| 952 |
f |
f |
|p ric
|a Texas A&M University
|b Rellis Campus
|c Joint Library Facility
|d Remote Storage
|t 0
|e T321 .A22
|h Library of Congress classification
|i unmediated -- volume
|k v.21:no.21-30
|l 1951:June 14-Aug,16
|m A14842020860
|
| 952 |
f |
f |
|p ric
|a Texas A&M University
|b Rellis Campus
|c Joint Library Facility
|d Remote Storage
|t 0
|e T321 .A22
|h Library of Congress classification
|i unmediated -- volume
|k v.21:no.1-10
|l 1951:Jan.18-Mar.22
|m A14842020886
|
| 952 |
f |
f |
|p ric
|a Texas A&M University
|b Rellis Campus
|c Joint Library Facility
|d Remote Storage
|t 0
|e T321 .A22
|h Library of Congress classification
|i unmediated -- volume
|k 1946:suppls.
|m A14842020712
|
| 952 |
f |
f |
|p ric
|a Texas A&M University
|b Rellis Campus
|c Joint Library Facility
|d Remote Storage
|t 0
|e T321 .A22
|h Library of Congress classification
|i unmediated -- volume
|k v.34:no.2
|l 1964:Jan.30
|m A14842020738
|
| 952 |
f |
f |
|p ric
|a Texas A&M University
|b Rellis Campus
|c Joint Library Facility
|d Remote Storage
|t 0
|e T321 .A22
|h Library of Congress classification
|i unmediated -- volume
|k v.21:no.11-20
|l 1951:Apr.5-June 7
|m A14842020878
|
| 952 |
f |
f |
|p ric
|a Texas A&M University
|b Rellis Campus
|c Joint Library Facility
|d Remote Storage
|t 0
|e T321 .A22
|h Library of Congress classification
|i unmediated -- volume
|k v.17:no.1-13
|l 1947:Jan.23-1947:Apr.24
|m A14842020746
|
| 952 |
f |
f |
|p ric
|a Texas A&M University
|b Rellis Campus
|c Joint Library Facility
|d Remote Storage
|t 0
|e T321 .A22
|h Library of Congress classification
|i unmediated -- volume
|k v.34:no.1
|l 1964:Jan.23
|m A14842020720
|
| 998 |
f |
f |
|a T321 .A22
|s v.34:no.1-2 (1964:Jan.23-Jan.30)
|t 0
|l Remote Storage
|